| 000 | 00648cam a22001697a 4500 | ||
|---|---|---|---|
| 008 | 180718b1999 xxu||||| |||| 00| 0 eng d | ||
| 082 | _aB142x54 P96 | ||
| 100 | _aPublic services M.B.A. induction module: India-U.K. context (August-September, 1999: Indian Institute of Public Administration, New Delhi) | ||
| 245 | _aGender related issues (course material) | ||
| 260 |
_aNew Delhi _bIndian Institute of Public Administration _c1999 |
||
| 300 | _av.p. | ||
| 650 | _aPoverty - India | ||
| 650 | _aIndia - Economic conditions | ||
| 650 | _aSex differences | ||
| 650 | _aWomen in development - India | ||
| 650 | _aWomen - Health and hygiene - India | ||
| 999 |
_c487705 _d487705 |
||